| 000 | nam a22 7a 4500 | ||
|---|---|---|---|
| 999 |
_c331528 _d331528 |
||
| 003 | NUST | ||
| 005 | 20171003110529.0 | ||
| 008 | 171003b xxu||||| |||| 00| 0 eng d | ||
| 040 | _cNUST | ||
| 082 |
_a 923.2 _bJIN |
||
| 245 |
_aIshaaton mein hain mehfoz sari taqrireen / _ctehqeeq o martaba by Aftab Masror Alam Khan |
||
| 260 |
_aIslamabad: _bWazarat e Khawateen Pakistan, _c2006 |
||
| 300 |
_a312 p. _bill. |
||
| 500 | _aSpeeches | ||
| 546 | _aIn Urdu | ||
| 650 |
_aSpeeches- Fatima Jinnah _95162 |
||
| 700 |
_aAftab Masror Alam Khan _95163 |
||
| 880 |
_6245-02\(3\r _aاشاعتوں میں ہیں محفوظ ساری تقریریں: مادر ملت محترمہ جناح کی تقاریر ، بیانات، پیغامات اور نایاب تصاویر کا مجموعہ _cتحقیق و مرتبہ: آفتاب مسرور عالم خان |
||
| 880 |
_6260-03\(3\r _aاسلام آباد: _bوزارت خواتین پاکستان، _c2006 |
||
| 942 |
_2ddc _cBK |
||